¿Deben ser más estrictos los requisitos de afiliación a las cooperativas? /
El documento consiste en una compilación de circulares, en torno al tema de la mejora del apoyo de los miembros y la comunidad hacia las cooperativas.
সংরক্ষণ করুন:
| প্রধান লেখক: | |
|---|---|
| বিন্যাস: | পাঠ্য |
| ভাষা: | Spanish |
| প্রকাশিত: |
México:
Centro Regional de Ayuda Técnica
1970
|
| বিষয়গুলি: | |
| ট্যাগগুলো: |
ট্যাগ যুক্ত করুন
কোনো ট্যাগ নেই, প্রথমজন হিসাবে ট্যাগ করুন!
|
MARC
| LEADER | 00000 a a2200000 04500 | ||
|---|---|---|---|
| 001 | 17201 | ||
| 003 | cru CIDCACS/IIS | ||
| 005 | 20230612112737.0 | ||
| 008 | 230612e1970 mx ||||| |||| 00| 0 spa d | ||
| 020 | |a [sin ISBN] | ||
| 022 | |a [sin ISBN] | ||
| 040 | |c CRAI/IIS | ||
| 090 | |a 03.03.04 C397d | ||
| 100 | |a Rust, Irwin W. | ||
| 245 | |a ¿Deben ser más estrictos los requisitos de afiliación a las cooperativas? / |c Irwin W. Rust | ||
| 260 | |a México: |b Centro Regional de Ayuda Técnica |c 1970 | ||
| 300 | |a 12 páginas | ||
| 520 | |a El documento consiste en una compilación de circulares, en torno al tema de la mejora del apoyo de los miembros y la comunidad hacia las cooperativas. | ||
| 650 | |a COOPERATIVAS | ||
| 650 | |2 Macrothesaurus de la OCDE/ | ||
| 650 | |a COOPERATIVAS AGRICOLAS | ||
| 650 | |2 Macrothesaurus de la OCDE/GESTION | ||
| 650 | |2 Macrothesaurus de la OCDE | ||
| 942 | |2 ddc |c LITG |h 03.03.04 C397d |i 05444 |6 030304_C397D_05444 | ||
| 999 | |c 8297 |d 8297 | ||
